000 00540cam a2200193 4500
001 ABS61862
008 000000n2000 000 0 eng u
035 _a(Sirsi) u104426
100 _aClayton, H.
245 _aTrack and yield
260 _c2000
490 _aProperty Week
_v65(7) 18 February 2000 38-39(2)
520 _aDescribes the plans of the Railtrack Property Director for the development programme.
590 _aABS
650 _aTRANSPORT
650 _aRAILTRACK PROPERTY
690 _aBUILT ENVIRONMENT
942 _n0
999 _c62648
_d62648